000 nam a22 7a 4500
999 _c150706
_d150704
005 20190906123531.0
008 190827b ag ||||| |||| 00| 0 spa d
020 _a950679264X
050 0 4 _aKHA3015
_bP54 1999
100 1 _aPierini, Alicia
245 1 0 _aDerecho de acceso a la información
_b: por una democracia con efectivo control ciudadano : acción de amparo
_c/ Alicia Pierini, Valentín Lorences ; con el auspicio del Instituto de Promoción de Estudios en Derechos Humanos.
250 _a1a ed.
260 _aBuenos Aires, Argentina :
_bEditorial Universidad,
_c1999.
300 _a244 p. ;
_c23 cm.
650 7 _2lemb
_aLibertad de información
_zArgentina
650 7 _2lemb
_aProtección de datos
_xLeyes y legislación
_zArgentina
650 7 _2lemb
_aRecurso de amparo
_zArgentina
700 1 _aLorences, Valentín,
_eautor
710 1 _aBuenos Aires, Argentina.
_bInstituto de Promoción de Estudios en Derechos Humanos
_ePatrocinador
942 _2lcc
_cLIB